[Event "Mollet del Valles op U2300 3rd"]
[Site "Mollet del Valles"]
[Date "2012.12.05"]
[Round "4"]
[White "Cordomi Fons, Francesco"]
[Black "Orio Ferrer, Jose Ignacio"]
[Result "1-0"]
[WhiteElo "1896"]
[BlackElo "1678"]
[PlyCount "47"]
[EventDate "2012.12.02"]
[EventType "swiss"]
[EventRounds "8"]
[EventCountry "ESP"]
[SourceTitle "EXT 2014"]
[Source "ChessBase"]
[SourceDate "2013.11.20"]
[SourceVersion "1"]
[SourceVersionDate "2013.11.20"]
[SourceQuality "1"]

1. c4 Nf6 2. Nc3 g6 3. d4 Bg7 4. g3 0-0 5. Bg2 d6 6. Nf3 Nbd7 7. 0-0 Rb8 8. Bg5 Re8 9. Qd2 e5 10. dxe5 Nxe5 11. Nxe5 Rxe5 12. Nd5 c6 13. Nxf6+ Bxf6 14. Bf4 Bg5 15. Bxg5 Rxg5 16. Rad1 Be6 17. b3 d5 18. e4 Qf6 19. cxd5 cxd5 20. exd5 Bg4 21. Qd4 Qf5 22. f3 Bh3 23. Bxh3 Qxh3 24. Qf4 1-0

[Event "Cerdanyola del Valles op-B 29th"]
[Site "Cerdanyola del Valles"]
[Date "2011.11.05"]
[Round "5"]
[White "Bover de la Cruz, Pol"]
[Black "Orio Ferrer, Jose Ignacio"]
[Result "0-1"]
[WhiteElo "1586"]
[BlackElo "1733"]
[PlyCount "150"]
[EventDate "2011.10.01"]
[EventType "swiss"]
[EventRounds "8"]
[EventCountry "ESP"]
[SourceTitle "EXT 2013"]
[Source "ChessBase"]
[SourceDate "2012.11.22"]
[SourceVersion "1"]
[SourceVersionDate "2012.11.22"]
[SourceQuality "1"]

1. e4 e5 2. Nf3 Nc6 3. Bc4 Bc5 4. c3 Nf6 5. b4 Bb6 6. d3 h6 7. a4 a6 8. Nbd2 d6 9. Bb3 Bg4 10. 0-0 0-0 11. Nc4 Ba7 12. Be3 b5 13. Na3 bxa4 14. Bxa4 Ne7 15. Nc4 Bh5 16. Bb3 Ng4 17. Bxa7 Rxa7 18. Ra3 Qd7 19. Ncd2 Nf6 20. Bc4 Rfa8 21. Qa4 c6 22. Rfa1 Nc8 23. Qc2 Qb7 24. Qa2 a5 25. Rxa5 d5 26. exd5 cxd5 27. Ba6 Qc7 28. Bxc8 Rxa5 29. bxa5 Rxc8 30. Rc1 Ra8 31. Nb3 Bxf3 32. gxf3 Nd7 33. d4 Nb8 34. Qe2 f6 35. Qb5 Qd7 36. Qxd7 Nxd7 37. Kf1 Nb8 38. Ke2 Na6 39. Kd3 Rb8 40. Kc2 Kf7 41. Rb1 Rc8 42. Nd2 exd4 43. Rb7+ Kg6 44. Rb3 Rc5 45. Ra3 dxc3 46. Rxc3 Rxa5 47. Kd3 Nb4+ 48. Ke2 d4 49. Rb3 Nd5 50. Kd3 Ra4 51. Ke4 Nc3+ 52. Kd3 Kf5 53. Nc4 Nd1 54. Ke2 Rxc4 55. Kxd1 g6 56. Ke2 Kf4 57. Rd3 Ke5 58. Rd2 Ra4 59. Kf1 Kf4 60. Kg2 h5 61. Rd3 Rc4 62. Rd2 g5 63. Rd3 Ke5 64. Kg3 f5 65. Rd2 Rc3 66. Re2+ Kd5 67. Rd2 Rc1 68. Kg2 Kc4 69. f4 gxf4 70. Kf3 Rh1 71. Kg2 Re1 72. Kf3 Re4 73. Kg2 Kc3 74. Rd1 d3 75. Rc1+ Kb2 0-1

[Event "Barcelona La Lira op 29th"]
[Site "Barcelona"]
[Date "2011.02.04"]
[Round "4"]
[White "Orio Ferrer, Jose Ignacio"]
[Black "Bertolin Escriche, Tomas"]
[Result "1-0"]
[WhiteElo "1723"]
[BlackElo "1798"]
[PlyCount "69"]
[EventDate "2011.01.14"]
[EventType "swiss"]
[EventRounds "7"]
[EventCountry "ESP"]
[SourceTitle "EXT 2012"]
[Source "ChessBase"]
[SourceDate "2011.11.24"]
[SourceVersion "1"]
[SourceVersionDate "2011.11.24"]
[SourceQuality "1"]

1. e4 g6 2. d4 Bg7 3. Nf3 d6 4. Bc4 Nf6 5. Nc3 0-0 6. h3 c6 7. Bb3 a6 8. Be3 b5 9. Qd2 Nbd7 10. Bh6 Qc7 11. Bxg7 Kxg7 12. Qf4 e5 13. dxe5 dxe5 14. Qe3 Bb7 15. a3 h6 16. Rd1 Rfd8 17. 0-0 c5 18. Bd5 Nxd5 19. Nxd5 Qc6 20. Rd2 f6 21. Rfd1 c4 22. Nh4 Qc5 23. Qg3 Nf8 24. Nf5+ Kh8 25. Nxh6 Bxd5 26. exd5 Ra7 27. Ng4 Kg7 28. Qh4 Qd6 29. Qh6+ Kg8 30. Qe3 Re7 31. Qg3 f5 32. Nh6+ Kh7 33. Qh4 Kg7 34. Qg5 Qf6 35. Qxf6+ 1-0

[Event "Cerdanyola del Valles op 28th"]
[Site "Cerdanyola del Valles"]
[Date "2010.10.23"]
[Round "4"]
[White "Rahal, Joe"]
[Black "Orio Ferrer, Jose Ignacio"]
[Result "1-0"]
[WhiteElo "1778"]
[BlackElo "1740"]
[PlyCount "65"]
[EventDate "2010.10.02"]
[EventType "swiss"]
[EventRounds "7"]
[EventCountry "ESP"]
[SourceTitle "EXT 2012"]
[Source "ChessBase"]
[SourceDate "2011.11.24"]
[SourceVersion "1"]
[SourceVersionDate "2011.11.24"]
[SourceQuality "1"]

1. Nf3 Nf6 2. g3 g6 3. b4 b5 4. Bb2 Bb7 5. Bg2 Bg7 6. 0-0 0-0 7. d3 d6 8. e4 e5 9. Nbd2 Nc6 10. a3 a5 11. c3 Re8 12. Qc2 Rb8 13. d4 exd4 14. Nxd4 Nxd4 15. cxd4 axb4 16. axb4 c6 17. Ra7 Qb6 18. Rfa1 Ra8 19. Rxa8 Rxa8 20. Rxa8+ Bxa8 21. Nb3 Nd7 22. e5 dxe5 23. d5 Nb8 24. d6 f6 25. Nc5 Bf8 26. Qb3+ Kh8 27. Qf7 Qd8 28. Ne6 Qxd6 29. Nxf8 Qd1+ 30. Bf1 Qh5 31. Qxf6+ Kg8 32. Ne6 Qh6 33. Bc1 1-0

[Event "Mollet del Valles A"]
[Site "Mollet del Valles"]
[Date "2009.11.13"]
[Round "7.5"]
[White "Orio Ferrer, Jose Ignacio"]
[Black "Munoz de la Orden, David"]
[Result "0-1"]
[WhiteElo "1752"]
[BlackElo "2002"]
[PlyCount "82"]
[EventDate "2009.10.02"]
[EventType "swiss"]
[EventRounds "9"]
[EventCountry "ESP"]
[SourceTitle "EXT 2024"]
[Source "ChessBase"]
[SourceDate "2023.10.10"]
[SourceVersion "1"]
[SourceVersionDate "2023.10.10"]
[SourceQuality "1"]

1. e4 d5 2. exd5 Qxd5 3. Nc3 Qa5 4. Nf3 Nf6 5. d4 Bg4 6. Bd2 c6 7. Be2 Nbd7 8. 0-0 e6 9. a3 Be7 10. Re1 0-0 11. Ne5 Bf5 12. Bd3 Bxd3 13. Nxd3 Qf5 14. Re3 Bd6 15. Qf3 Ng4 16. Qxf5 exf5 17. Rh3 Rfe8 18. Bf4 Bxf4 19. Nxf4 Nb6 20. b3 Nd5 21. Ncxd5 cxd5 22. c3 Rad8 23. Rg3 Re4 24. Nd3 Re2 25. h3 Nf6 26. Re3 Rxe3 27. fxe3 Rc8 28. Rc1 b5 29. Nf4 g5 30. Ne2 Ne4 31. Kh2 Kg7 32. g3 Nd2 33. Kg2 a5 34. Rc2 Nxb3 35. Rb2 a4 36. Kf3 Kg6 37. h4 f6 38. hxg5 fxg5 39. g4 fxg4+ 40. Kxg4 h5+ 41. Kh3 Re8 0-1